<?xml version="1.0" encoding="UTF-8"?>
<collection xmlns="http://www.loc.gov/MARC21/slim">
 <record>
  <leader>04145nam a22004091a 4500</leader>
  <controlfield tag="001">000034796</controlfield>
  <controlfield tag="003">11010</controlfield>
  <controlfield tag="005">20240925160946.0</controlfield>
  <controlfield tag="008">151027s2008                  000   eng</controlfield>
  <datafield tag="020" ind1=" " ind2=" ">
   <subfield code="a">9780470136003</subfield>
  </datafield>
  <datafield tag="040" ind1=" " ind2=" ">
   <subfield code="a">lnn</subfield>
   <subfield code="c">lnn</subfield>
   <subfield code="d">lnn</subfield>
  </datafield>
  <datafield tag="041" ind1=" " ind2=" ">
   <subfield code="a">eng</subfield>
  </datafield>
  <datafield tag="082" ind1="0" ind2="0">
   <subfield code="a">387.50973</subfield>
   <subfield code="b">RO-A</subfield>
  </datafield>
  <datafield tag="100" ind1="1" ind2=" ">
   <subfield code="a">Roland, Alex,</subfield>
   <subfield code="d">1944-</subfield>
  </datafield>
  <datafield tag="245" ind1="1" ind2="4">
   <subfield code="a">The way of the ship :</subfield>
   <subfield code="b">America's maritime history reenvisioned, 1600-2000 /</subfield>
   <subfield code="c">Alex Roland, W. Jeffrey Bolster, Alexander Keyssar.</subfield>
  </datafield>
  <datafield tag="260" ind1=" " ind2=" ">
   <subfield code="a">Hoboken, N.J. :</subfield>
   <subfield code="b">John Wiley &amp; Sons,</subfield>
   <subfield code="c">c2008.</subfield>
  </datafield>
  <datafield tag="300" ind1=" " ind2=" ">
   <subfield code="a">xv, 521 p., [16] p. of plates :</subfield>
   <subfield code="b">ill. (some col.), maps ;</subfield>
   <subfield code="c">25 cm.</subfield>
  </datafield>
  <datafield tag="504" ind1=" " ind2=" ">
   <subfield code="a">Includes bibliographical references (p. 451-505) and index.</subfield>
  </datafield>
  <datafield tag="505" ind1="0" ind2=" ">
   <subfield code="a">Part I: When shipping was king: colonial shipping and the making of America, 1600- 1783 -- Colonies and the Sea -- Richard Hakluyt's of Maritime Plantations -- John Winthrop's Godly Society by the Sea -- Codfish, Timber, and Profit -- An Infant Industry -- The Shipping Business in 1700 -- The Eclipse of Boston -- The Coastal Trade -- The Sailor₂s Life -- War and Transformation -- Part II: A world within themselves: the Golden Age and the rise of inland shipping, 1783 1861 -- Introduction -- A Tale of Two Ports -- Robert Livingston and the Art of the Deal -- Robert Fulton and the Art of Steaming -- The War of 1812 -- Henry Shreve and the Taming of the River -- DeWitt Clinton and the Canal Craze -- Rushing to San Francisco -- Steam, Speed, Schedule: A Business Model for the Golden Age -- Matthew Fontaine Maury and the Growth of Infrastructure -- Part III: Maritime industry and labor in the Gilded Age, 1861-1914 -- The Hinge of War -- Anaconda, Anyone? --</subfield>
  </datafield>
  <datafield tag="505" ind1="0" ind2=" ">
   <subfield code="9"></subfield>
   <subfield code="a">Benjamin Franklin Isherwood and the Industrialization of Ship Production -- The Alabama and Commerce War -- Cornelius Vanderbilt and the Rise of the Railroad -- Marcus Hanna and the growth of Heartland Shipping -- John Lynch and the Quest for National Maritime Policy -- John Roach and the New Shipbuilding -- West Coast Shipping and the Rise of Maritime Labor -- Andrew Furuseth, The Unions, and the Law -- Ships, Steel, and More Labor -- Part IV: The weight of war, 1905-1956 -- Mahan, Roosevelt, and the Seaborne Empire -- War and Woodrow Wilson -- Robert Dollar and the Business of Shipping, 1920-1929 -- A Tale of Two Harrys: The Radicalization of Labor -- Hugo Black and Direct Subsidy, 1935-1941 -- Henry Bacon and War in the Atlantic, 1941-1945 -- Henry Kaiser and War in the Pacific, 1941-1945. -- Edward Stettinius and Flags of Expediency -- Part V: Supership: the rise of the invisible, automated mass carrier, 1956-2000 -- Daniel K. Ludwig and the Giant Ships --</subfield>
  </datafield>
  <datafield tag="505" ind1="0" ind2=" ">
   <subfield code="9"></subfield>
   <subfield code="a">Malcom McLean and the Container Revolution -- Farewell the Finger Pier: The Changing Face of Ports -- The Shrinking Giant: Maritime Labor Confronts Mechanization and Automation -- Richard Nixon and the Quest for National Maritime Policy -- Hot Wars and Cold -- Ted Arison and the Fun Cruise for Thousands -- Conclusion. -- Epilogue -- Appendix A-1: World and Select National Commercial Fleets, 1850-2000 -- Appendix A-2: U.S. Commercial Vessels, 1934-1997 -- Appendix A-3: Documented U.S Merchant Vessels in Foreign and Domestic Trade -- Appendix B: Value of U.S. Waterborne Cargo, 1790-1994 -- Appendix C: Maritime Labor, 1925-2000 -- Appendix D: U.S. Shipbuilding, 1769-1969.</subfield>
  </datafield>
  <datafield tag="650" ind1=" " ind2="0">
   <subfield code="a">Merchant marine</subfield>
   <subfield code="z">United States</subfield>
   <subfield code="x">History.</subfield>
  </datafield>
  <datafield tag="650" ind1=" " ind2="0">
   <subfield code="a">Merchant mariners</subfield>
   <subfield code="z">United States</subfield>
   <subfield code="x">History.</subfield>
  </datafield>
  <datafield tag="650" ind1=" " ind2="0">
   <subfield code="a">Shipping</subfield>
   <subfield code="z">United States</subfield>
   <subfield code="x">History.</subfield>
  </datafield>
  <datafield tag="650" ind1=" " ind2="0">
   <subfield code="a">Navigation</subfield>
   <subfield code="z">United States</subfield>
   <subfield code="x">History.</subfield>
  </datafield>
  <datafield tag="651" ind1=" " ind2="0">
   <subfield code="a">United States</subfield>
   <subfield code="x">History, Naval.</subfield>
  </datafield>
  <datafield tag="700" ind1="1" ind2=" ">
   <subfield code="a">Bolster, W. Jeffrey.</subfield>
  </datafield>
  <datafield tag="700" ind1="1" ind2=" ">
   <subfield code="a">Keyssar, Alexander.</subfield>
  </datafield>
  <datafield tag="OWN" ind1=" " ind2=" ">
   <subfield code="a">LNN</subfield>
  </datafield>
  <datafield tag="AVA" ind1=" " ind2=" ">
   <subfield code="a">UDN50</subfield>
   <subfield code="b">LNN</subfield>
   <subfield code="c">English</subfield>
   <subfield code="d">387.50973RO-A</subfield>
   <subfield code="e">available</subfield>
   <subfield code="t">Error 5001 Not defined in file expand_doc_bib_avail.</subfield>
   <subfield code="f">2</subfield>
   <subfield code="g">0</subfield>
   <subfield code="h">N</subfield>
   <subfield code="i">0</subfield>
   <subfield code="j">AN</subfield>
   <subfield code="k">1</subfield>
  </datafield>
  <datafield tag="999" ind1=" " ind2=" ">
   <subfield code="a">From the UDN01</subfield>
  </datafield>
  <datafield tag="AVA" ind1=" " ind2=" ">
   <subfield code="a">UDN50</subfield>
   <subfield code="b">LNN</subfield>
   <subfield code="c">English</subfield>
   <subfield code="d">387.50973RO-A</subfield>
   <subfield code="e">available</subfield>
   <subfield code="t">Error 5001 Not defined in file expand_doc_bib_avail.</subfield>
   <subfield code="f">2</subfield>
   <subfield code="g">0</subfield>
   <subfield code="h">N</subfield>
   <subfield code="i">0</subfield>
   <subfield code="j">AN</subfield>
   <subfield code="k">1</subfield>
  </datafield>
  <datafield tag="TYP" ind1=" " ind2=" ">
   <subfield code="a">Monograph</subfield>
  </datafield>
  <datafield tag="980" ind1=" " ind2=" ">
   <subfield code="a">Mạng thư viện Đại học Đà Nẵng</subfield>
  </datafield>
 </record>
</collection>
